Obras Completas de San Anselmo

Guardat en:
Dades bibliogràfiques
Autor principal: San Anselmo de Canterbury
Format: Desconegut
Idioma:anglès
Publicat: Madrid, España. Biblioteca de Autores Cristianos, 1953
Edició:Primera edición
Matèries:
Etiquetes: Afegir etiqueta
Sense etiquetes, Sigues el primer a etiquetar aquest registre!

MARC

LEADER 00000 a2200000 4500
003 CL-VaPUC
005 20211007090332.0
008 210422b ||||| |||| 00| 0 eng d
999 |c 432762  |d 432760 
020 |a 9788422001751 
020 |a 9788422005599 
040 |c Pontificia Universidad Católica de Valparaíso 
082 |a 189.4 ANS 1953 
100 |a San Anselmo de Canterbury   |9 558891 
245 |a Obras Completas de San Anselmo 
250 |a Primera edición  
260 |b Biblioteca de Autores Cristianos,  |c 1953  |a Madrid, España.  
300 |a 2 volúmenes  
505 |a v.I -Monólogo. Proslogio. Acerca del gramático. De la verdad. Del libre albedrío. De la caída del demonio. Carta sobre la encarnación del verbo. Por qué Dios se hizo hombre v.II- De la concepción virginal y del pescado original. Sobre la procesión del Espíritu Santo. Cartas dogmáticas. De la concordia de la presciencia, de la predestinación y gracia divina con el libre albedrío. Oraciones y meditaciones. Cartas. 
583 |k Cristina Rojas  |c 20210422 
600 0 |9 481168  |a San Anselmo 1033-1109 
650 0 |9 256245  |a Filosofía medieval 
650 0 |a Escolasticismo  |9 264998 
942 |2 ddc  |c BK 
952 |0 0  |1 0  |2 ddc  |4 0  |6 189_400000000000000_ANS_1953  |7 0  |8 A  |9 578023  |a BIBEDU  |b BIBEDU  |d 2021-06-07  |e 74  |g 40693.00  |h v.I  |i 5584213  |l 5  |m 1  |o 189.4 ANS 1953  |p 5584213  |r 2024-04-04  |s 2024-03-22  |t 1  |v 40693.00  |w 2021-06-07  |y BK  |k FIL 
952 |0 0  |1 0  |2 ddc  |4 0  |6 189_400000000000000_ANS_1953  |7 0  |8 A  |9 578024  |a BIBEDU  |b BIBEDU  |d 2021-06-07  |e 74  |g 39467.00  |h v.II  |i 5584221  |o 189.4 ANS 1953  |p 5584221  |r 2021-06-07  |t 1  |v 39467.00  |w 2021-06-07  |y BK  |k FIL